000 01855nam0a2200325 4500
001 RU\NLR\bibl\1103916
005 20260407064958.0
010 _a5-94825-012-1
_9200
021 _aRU
_b2007-34573
_91838
035 _a(NLR Aleph) 001090993
090 _a1118200
_c1118200
100 _a20070702d2006 |||y0rusy50 ca
101 0 _arus
102 _aRU
105 _ay |||||||||
200 1 _aКультурное наследие
_e(понятия и термины)
_eучебный терминологический словарь
_fФедер. агентство по культуре и кинематографии, Федер. гос. образоват. учреждение высш. проф. образования "Краснояр. гос. ун-т культуры и искусств"
_g[авт.-сост. Гаврилов М.В., к.культурологии, преп., Кудинова А.В., к.ист.н., доц.]
210 _aКраснодар
_c[б.и.]
_d2006
215 _a151 с.
_d21
320 _aБиблиогр.: с. 151 (10 назв.)
606 1 _aКультурология
_jТерминологические словари
_91437504
_3RU\NLR\auth\66607983
606 1 _aИндоевропейские языки
_xТерминология культуры
_91149691
_3RU\NLR\auth\66140481
686 _aТ3(0)0-7я2
686 _aШ140/159-434
702 1 _4340
_7ca
_8rus
_aГаврилов
_bМ. В.
_cканд. культурологии, археология
_gМихаил Викторович
_926398
_3RU\NLR\auth\7743455
712 0 2 _4570
_aКраснодарский государственный университет культуры и искусств
_9563363
_3RU\NLR\AUTH\8810032406
801 0 _aRU
_bNLR
_c20070702
_gRCR
801 1 _aRU
_bNLR
_c20070702
942 _cBOOK
980 _aNB